Enología práctica (Record no. 118936)

MARC details
000 -LEADER
campo de control de longitud fija 00635nam a2200193 4500
001 - NÚMERO DE CONTROL
campo de control 118936
003 - IDENTIFICADOR DE NÚMERO DE CONTROL
campo de control ES-MaACL
005 - FECHA Y HORA DE LA ÚLTIMA TRANSACCIÓN
campo de control 20230906191216.0
007 - CAMPO FIJO DE DESCRIPCIÓN FÍSICA--INFORMACIÓN GENERAL
campo de control de longitud fija t|
008 - DATOS DE LONGITUD FIJA--INFORMACIÓN GENERAL
campo de control de longitud fija 070214s1984 sp r ||||1| spa d
020 ## - NÚMERO INTERNACIONAL ESTÁNDAR DEL LIBRO
Número Internacional Estándar del Libro 84-7114-059-4
100 1# - ENTRADA PRINCIPAL--NOMBRE DE PERSONA
Nombre de persona Peynaud, Emile.
9 (RLIN) 91592
245 10 - MENCIÓN DEL TÍTULO
Título Enología práctica
Resto del título : conocimiento y elaboración del vino /
Mención de responsabilidad, etc. Emile Peynaud ; versión española Alfredo González Salgueiro.
250 ## - MENCION DE EDICION
Mención de edición 2ª. ed. rev. y ampl.
260 ## - PUBLICACIÓN, DISTRIBUCIÓN, ETC.
Lugar de publicación, distribución, etc. Madrid :
Nombre del editor, distribuidor, etc. Mundi-Prensa,
Fecha de publicación, distribución, etc. 1984.
300 ## - DESCRIPCIÓN FÍSICA
Extensión 402 p. :
Otras características físicas il. ;
Dimensiones 24 cm.
700 1# - ENTRADA AGREGADA--NOMBRE PERSONAL
Nombre de persona González Salgueiro, Alfredo.
9 (RLIN) 58950
852 ## - LOCALIZACIÓN
Ubicación ES-MaACL
Número de control de estantería L-11636
Sublocalización o colección R.113361
Holdings
Estatus retirado Estado de pérdida Estado de daño No para préstamo Biblioteca de origen Biblioteca actual Ubicación en estantería Fecha de adquisición Fuente de adquisición Total de préstamos Signatura topográfica completa Código de barras Visto por última vez Precio de reemplazo Tipo de ítem Koha
        Biblioteca del Ateneo de Madrid Biblioteca del Ateneo de Madrid Depósito 2 17/01/2008     L-11636 1123990 23/02/2023 23/02/2023 Libro impreso